औरंगजेबाचा इतिहास (Record no. 670087)

MARC details
000 -LEADER
fixed length control field 00632nam a2200181Ia 4500
008 - FIXED-LENGTH DATA ELEMENTS--GENERAL INFORMATION
fixed length control field 100917s9999 xx 000 0 und d
082 ## - DEWEY DECIMAL CLASSIFICATION NUMBER
Item number 64693
100 ## - MAIN ENTRY--PERSONAL NAME
Personal name कुंटे भा. ग. - अनु.
245 ## - TITLE STATEMENT
Title औरंगजेबाचा इतिहास
260 ## - PUBLICATION, DISTRIBUTION, ETC. (IMPRINT)
Name of publisher, distributor, etc साहित्य आणि संस्कृती मंडळ प्रकाशन
Date of publication, distribution, etc 1978
300 ## - PHYSICAL DESCRIPTION
Extent 985
365 ## - TRADE PRICE
Price amount 49
520 ## - SUMMARY, ETC.
Summary, etc इतिहास
630 ## - SUBJECT ADDED ENTRY--UNIFORM TITLE
Uniform title औरंगजेबाचा इतिहास
650 ## - SUBJECT ADDED ENTRY--TOPICAL TERM
Topical term or geographic name as entry element इतिहास
730 ## - ADDED ENTRY--UNIFORM TITLE
Uniform title औरंगजेबाचा इतिहास
942 ## - ADDED ENTRY ELEMENTS (KOHA)
Koha item type Book
Holdings
Withdrawn status Lost status Damaged status Not for loan Home library Current library Shelving location Date acquired Cost, normal purchase price Total Checkouts Barcode Date last seen Price effective from Koha item type Public note
      Added to bundle Pune Marathi Grantha Sangrahalaya Pune Marathi Grantha Sangrahalaya   09/17/2010 49.00   PUNMGS-64693 09/17/2010 09/17/2010 Book संदर्भ